[Event "ARG-chT"]
[Site "Villa Martelli"]
[Date "2017.08.12"]
[Round "2.2"]
[White "Reides, Marcelo"]
[Black "Julia, Ernesto"]
[Result "1-0"]
[WhiteElo "2303"]
[BlackElo "2373"]
[PlyCount "63"]
[EventDate "2017.08.05"]
[EventType "team-swiss"]
[EventRounds "9"]
[EventCountry "ARG"]
[SourceTitle "CBM 180 Extra"]
[Source "ChessBase"]
[SourceDate "2017.10.06"]
[SourceVersion "1"]
[SourceVersionDate "2017.10.06"]
[SourceQuality "1"]
[WhiteTeam "Villa del Parque CC"]
[BlackTeam "Ferro Carril Oeste"]
[WhiteTeamCountry "ARG"]
[BlackTeamCountry "ARG"]

1. e4 g6 2. d4 Bg7 3. Nf3 d6 4. Be2 a6 5. 0-0 e6 6. h4 h6 7. Nc3 b5 8. h5 g5 9. Nh2 Bb7 10. a3 Nf6 11. d5 Nbd7 12. f4 gxf4 13. Bxf4 Qe7 14. Bf3 Ne5 15. Bg3 Nfd7 16. Qe1 Rg8 17. a4 Qg5 18. axb5 Bf6 19. Bxe5 Nxe5 20. Qe2 Ke7 21. Rfd1 axb5 22. Rxa8 Rxa8 23. Nxb5 Ba6 24. c4 Bxb5 25. cxb5 Ra4 26. b3 Rb4 27. Qc2 Kd7 28. Rc1 Qe3+ 29. Kh1 Bd8 30. Rf1 Rxb3 31. Ng4 Rc3 32. Nxe3 1-0

[Event "ARG-ch sf 90th"]
[Site "Buenos Aires"]
[Date "2015.08.22"]
[Round "4"]
[White "Echeguren, Gustavo Fabian"]
[Black "Reides, Marcelo"]
[Result "0-1"]
[WhiteElo "2014"]
[BlackElo "2338"]
[PlyCount "153"]
[EventDate "2015.08.20"]
[EventType "swiss"]
[EventRounds "9"]
[EventCountry "ARG"]
[SourceTitle "EXT 2016"]
[Source "ChessBase"]
[SourceDate "2015.10.08"]
[SourceVersion "1"]
[SourceVersionDate "2015.10.08"]
[SourceQuality "1"]

1. d4 Nf6 2. c4 g6 3. Nc3 Bg7 4. e4 d6 5. Be2 0-0 6. Nf3 e5 7. 0-0 Na6 8. Be3 Ng4 9. Bg5 Qe8 10. h3 h6 11. Bc1 Nf6 12. dxe5 dxe5 13. Be3 Qe7 14. Nd5 Qd8 15. Nxf6+ Qxf6 16. Qc1 Kh7 17. Rd1 c6 18. c5 Nc7 19. Rd6 Qe7 20. Bc4 Ne8 21. Rd1 f5 22. exf5 gxf5 23. Qc2 e4 24. Nh2 f4 25. Bd4 Bf5 26. Qc3 Qg5 27. Bxg7 Nxg7 28. Kh1 Rae8 29. Re1 h5 30. Rad1 Rf6 31. Rd6 Rg6 32. Rxg6 Bxg6 33. Rd1 Re7 34. b4 Nf5 35. Bf1 Rg7 36. Qd2 Bf7 37. Qd8 Qxd8 38. Rxd8 Bxa2 39. Rf8 Rf7 40. Re8 Re7 41. Rf8 Bf7 42. Kg1 Kg7 43. Rd8 e3 44. Be2 Bd5 45. Nf3 Bxf3 46. gxf3 Kf6 47. Rf8+ Ke5 48. fxe3 fxe3 49. Bd3 Nh4 50. f4+ Kd4 51. Be2 Ke4 52. Bxh5 Nf3+ 53. Kf1 Nd4 54. Bg6+ Kf3 55. Bh5+ Kg3 56. f5 e2+ 57. Bxe2 Rxe2 58. f6 Rf2+ 59. Ke1 Nf3+ 60. Kd1 Ne5 61. Ke1 Nd3+ 62. Kd1 Ne5 63. Ke1 Rf4 64. Ke2 Re4+ 65. Kd2 Rxb4 66. f7 Nxf7 67. Rxf7 Kxh3 68. Kc3 Rb5 69. Kc4 Kg4 70. Rf1 Kg5 71. Rf3 b6 72. cxb6 axb6 73. Rf8 Rf5 74. Rc8 Rf4+ 75. Kc3 Rf6 76. Rb8 b5 77. Kb4 0-1

[Event "ARG-ch sf 90th"]
[Site "Buenos Aires"]
[Date "2015.08.21"]
[Round "2"]
[White "Godoy, Carlos"]
[Black "Reides, Marcelo"]
[Result "1-0"]
[WhiteElo "2059"]
[BlackElo "2338"]
[PlyCount "71"]
[EventDate "2015.08.20"]
[EventType "swiss"]
[EventRounds "9"]
[EventCountry "ARG"]
[SourceTitle "EXT 2016"]
[Source "ChessBase"]
[SourceDate "2015.10.08"]
[SourceVersion "1"]
[SourceVersionDate "2015.10.08"]
[SourceQuality "1"]

1. e4 e6 2. d4 d5 3. Nd2 Nf6 4. e5 Nfd7 5. Bd3 c5 6. c3 Nc6 7. Ngf3 cxd4 8. cxd4 g6 9. 0-0 Bg7 10. Nb3 0-0 11. Bg5 Qb6 12. Rc1 a5 13. a4 Qb4 14. Bb5 f6 15. Bd2 Qe7 16. Bxc6 bxc6 17. Nxa5 c5 18. dxc5 Nxe5 19. Nxe5 fxe5 20. b4 Rxa5 21. bxa5 Ba6 22. Re1 Qh4 23. c6 Qxf2+ 24. Kh1 h5 25. Bb4 Rc8 26. Qf3 Qxf3 27. gxf3 Bc4 28. Bd6 Rxc6 29. Bxe5 Bxe5 30. Rxe5 Ra6 31. Rb1 Rxa5 32. Rxe6 Kf7 33. Rc6 Kg7 34. Rb7+ Kh6 35. Rcc7 Rxa4 36. h4 1-0

[Event "ARG-ch sf 90th"]
[Site "Buenos Aires"]
[Date "2015.08.20"]
[Round "1"]
[White "Reides, Marcelo"]
[Black "Florentin, David"]
[Result "1-0"]
[WhiteElo "2338"]
[BlackElo "1952"]
[PlyCount "97"]
[EventDate "2015.08.20"]
[EventType "swiss"]
[EventRounds "9"]
[EventCountry "ARG"]
[SourceTitle "EXT 2016"]
[Source "ChessBase"]
[SourceDate "2015.10.08"]
[SourceVersion "1"]
[SourceVersionDate "2015.10.08"]
[SourceQuality "1"]

1. d4 f5 2. g3 Nf6 3. Bg2 e6 4. Nf3 d5 5. c4 c6 6. 0-0 Bd6 7. b3 Qc7 8. Bb2 Bd7 9. Qc1 0-0 10. Ba3 Be8 11. Bxd6 Qxd6 12. Qa3 Qxa3 13. Nxa3 Bh5 14. Nc2 Nbd7 15. Nce1 a5 16. Nd3 b6 17. Rfc1 Rac8 18. Rc2 Bxf3 19. Bxf3 Ne4 20. cxd5 cxd5 21. Rac1 Rxc2 22. Rxc2 Ng5 23. Bg2 Nf7 24. Rc7 Rd8 25. Nf4 Nf8 26. h4 g6 27. e3 Kg7 28. Bf1 Kf6 29. Bb5 Nd6 30. Ba6 Ra8 31. Rc6 Ke7 32. Rxb6 Nd7 33. Rc6 Nb8 34. Rc7+ Nd7 35. Be2 a4 36. b4 a3 37. Nd3 Nb5 38. Rc2 Nd6 39. Ne5 Nxe5 40. dxe5 Ne4 41. Kg2 Rb8 42. b5 g5 43. f3 gxh4 44. fxe4 Rg8 45. exf5 exf5 46. Rc7+ Ke6 47. b6 Rxg3+ 48. Kf2 d4 49. exd4 1-0

[Event "Vicente Lopez Rubinstein op"]
[Site "Vicente Lopez"]
[Date "2000.11.23"]
[Round "8"]
[White "Felgaer, Ruben Alejandro"]
[Black "Reides, Marcelo"]
[Result "1-0"]
[WhiteElo "2390"]
[BlackElo "2350"]
[PlyCount "61"]
[EventDate "2000.11.16"]
[EventType "swiss"]
[EventRounds "9"]
[EventCountry "ARG"]
[SourceTitle "EXT 2002"]
[Source "ChessBase"]
[SourceDate "2001.11.25"]
[SourceVersion "1"]
[SourceVersionDate "2001.11.25"]
[SourceQuality "1"]

1. e4 d6 2. d4 Nf6 3. Nc3 g6 4. f4 Bg7 5. Nf3 0-0 6. Bd3 Na6 7. 0-0 c5 8. d5 Rb8 9. Qe2 Nc7 10. a4 Bg4 11. h3 Bxf3 12. Qxf3 a6 13. a5 Nd7 14. Bd2 b5 15. axb6 Nxb6 16. Ra2 c4 17. Be2 Nb5 18. Nxb5 axb5 19. b3 Qc7 20. Kh1 Ra8 21. Ra5 c3 22. Rxa8 Rxa8 23. Be3 b4 24. e5 Ra5 25. f5 Nd7 26. fxg6 f6 27. gxh7+ Kxh7 28. Qh5+ Kg8 29. Bd3 dxe5 30. Qh7+ Kf8 31. Bg6 1-0

[Event "Villa Ballester op 50th"]
[Site "Villa Ballester"]
[Date "2000.??.??"]
[Round "4"]
[White "Reides, Marcelo"]
[Black "Cubas, Jose Fernando"]
[Result "1/2-1/2"]
[WhiteElo "2350"]
[BlackElo "2247"]
[PlyCount "66"]
[EventDate "2000.??.??"]
[EventType "swiss"]
[EventRounds "9"]
[EventCountry "ARG"]
[SourceTitle "EXT 2001"]
[Source "ChessBase"]
[SourceDate "2000.11.22"]
[SourceVersion "1"]
[SourceVersionDate "2000.11.22"]
[SourceQuality "1"]

1. e4 c5 2. c3 Nf6 3. e5 Nd5 4. d4 cxd4 5. cxd4 Nc6 6. Nc3 Nc7 7. Nf3 d5 8. exd6 Qxd6 9. Be3 Be6 10. Be2 g6 11. 0-0 Bg7 12. Ne4 Qd5 13. Nc5 0-0 14. Rc1 Qxa2 15. Nxb7 Rab8 16. Nc5 Rxb2 17. Nxe6 Qxe6 18. Qa4 Rxe2 19. Rxc6 Ra2 20. Rxe6 Rxa4 21. Rxe7 Rc4 22. Rd1 a5 23. d5 Rd8 24. g3 Bf6 25. Rxc7 Rxc7 26. Bb6 Rcd7 27. Bxd8 Rxd8 28. Rd3 a4 29. Nd2 Rb8 30. d6 Kf8 31. Ne4 Bb2 32. Nc5 Ra8 33. d7 Bf6 1/2-1/2

[Event "ARG-ch sf"]
[Site "Buenos Aires"]
[Date "1998.??.??"]
[Round "7"]
[White "Reides, Marcelo"]
[Black "Flores, Diego"]
[Result "1/2-1/2"]
[WhiteElo "2315"]
[BlackElo "2160"]
[PlyCount "71"]
[EventDate "1998.??.??"]
[EventType "swiss"]
[EventRounds "9"]
[EventCountry "ARG"]
[SourceTitle "EXT 2000"]
[Source "ChessBase"]
[SourceDate "1999.11.16"]
[SourceVersion "1"]
[SourceVersionDate "1999.11.16"]
[SourceQuality "1"]

1. e4 e5 2. Nf3 Nc6 3. d4 exd4 4. c3 d5 5. exd5 Qxd5 6. cxd4 Bb4+ 7. Nc3 Nf6 8. Be2 Ne4 9. Bd2 Bxc3 10. bxc3 Nxd2 11. Qxd2 0-0 12. 0-0 Bf5 13. c4 Qd6 14. Rac1 Rad8 15. d5 Be4 16. Ng5 Bg6 17. f4 Qc5+ 18. Kh1 Ne7 19. Qb2 b6 20. Bg4 h6 21. Nf3 Bf5 22. h3 c6 23. Rfd1 Bxg4 24. hxg4 cxd5 25. cxd5 Qd6 26. Rd4 h5 27. gxh5 Nf5 28. Rc6 Qe7 29. Rd1 Ne3 30. Qe2 Nxd5 31. Qxe7 Nxe7 32. Rxd8 Rxd8 33. Rc7 Nd5 34. Rxa7 Nxf4 35. g4 f5 36. gxf5 1/2-1/2

[Event "ARG-ch sf"]
[Site "Buenos Aires"]
[Date "1998.??.??"]
[Round "2"]
[White "Sorin, Ariel"]
[Black "Reides, Marcelo"]
[Result "1-0"]
[WhiteElo "2460"]
[BlackElo "2315"]
[PlyCount "69"]
[EventDate "1998.??.??"]
[EventType "swiss"]
[EventRounds "9"]
[EventCountry "ARG"]
[SourceTitle "EXT 2000"]
[Source "ChessBase"]
[SourceDate "1999.11.16"]
[SourceVersion "1"]
[SourceVersionDate "1999.11.16"]
[SourceQuality "1"]

1. d4 d5 2. c4 e6 3. Nc3 c5 4. cxd5 exd5 5. Nf3 Nc6 6. Bg5 Be7 7. Bxe7 Ngxe7 8. e3 c4 9. Be2 Rb8 10. 0-0 b5 11. Qd2 0-0 12. e4 dxe4 13. Nxe4 Be6 14. Rad1 Qc7 15. Nc5 Qd6 16. Nxe6 fxe6 17. Rfe1 Nd5 18. Ng5 Rf4 19. Nxe6 Re4 20. Ng5 Rxd4 21. Qc2 Nf6 22. b3 Re8 23. Bxc4+ bxc4 24. Rxe8+ Nxe8 25. Qxh7+ Kf8 26. Re1 Nf6 27. Qh8+ Ng8 28. Qh5 g6 29. Qf3+ Nf6 30. Ne6+ Kf7 31. Nxd4 Nxd4 32. Qb7+ Kg8 33. bxc4 Nc2 34. Qe7 Qf4 35. Rd1 1-0

[Event "Buenos Aires VII Najdorf op"]
[Site "Buenos Aires"]
[Date "1995.??.??"]
[Round "9"]
[White "Paglilla, Carlos"]
[Black "Reides, Marcelo"]
[Result "1/2-1/2"]
[WhiteElo "2400"]
[BlackElo "2325"]
[PlyCount "53"]
[EventDate "1995.??.??"]
[EventType "swiss"]
[EventRounds "9"]
[EventCountry "ARG"]
[SourceTitle "EXT 1997"]
[Source "ChessBase"]
[SourceDate "1996.11.15"]
[SourceVersion "1"]
[SourceVersionDate "1996.11.15"]
[SourceQuality "1"]

1. Nf3 d5 2. g3 c5 3. Bg2 Nc6 4. d4 e6 5. 0-0 Nf6 6. c3 Bd6 7. Bg5 h6 8. Bxf6 Qxf6 9. dxc5 Bxc5 10. Nbd2 0-0 11. e4 Bb6 12. Qe2 Rd8 13. e5 Qe7 14. c4 Qb4 15. b3 a5 16. a3 Qe7 17. Ra2 Bc5 18. Nb1 Bd7 19. Rd1 dxc4 20. Qxc4 Rac8 21. Rad2 Be8 22. Rxd8 Rxd8 23. Rxd8 Qxd8 24. Qxc5 Qd1+ 25. Bf1 Qxb1 26. Qc3 Qd1 27. h4 1/2-1/2

[Event "ARG-ch"]
[Site "Buenos Aires"]
[Date "1994.??.??"]
[Round "8"]
[White "Reides, Marcelo"]
[Black "Bazan, Osvaldo"]
[Result "1-0"]
[WhiteElo "2325"]
[BlackElo "2305"]
[PlyCount "43"]
[EventDate "1994.02.??"]
[EventType "swiss"]
[EventRounds "9"]
[EventCountry "ARG"]
[SourceTitle "TD"]
[Source "ChessBase"]
[SourceDate "1994.03.01"]
[SourceVersion "1"]
[SourceVersionDate "1994.03.01"]
[SourceQuality "1"]

1. e4 e5 2. Nf3 Nc6 3. d4 exd4 4. c3 d5 5. exd5 Qxd5 6. cxd4 Bg4 7. Be2 Bb4+ 8. Nc3 Bxf3 9. Bxf3 Qc4 10. Qb3 Qxb3 11. axb3 Nxd4 12. Bxb7 Nc2+ 13. Ke2 Nxa1 14. Bc6+ Kd8 15. Bxa8 Nxb3 16. Be3 Nf6 17. Nd5 Bc5 18. Rd1 Bxe3 19. fxe3 Nxd5 20. Bxd5 Nc5 21. b4 c6 22. Bf3+ 1-0